000 00914nam a22002177a 4500
999 _c12122
_d12122
001 12122
003 BD-JhCC
005 20210316090253.0
008 210316s2018 bg ||||| |||| 000 0 ben d
020 _a9844101751
035 _a(BD-JhCC)12122
040 _aBD-JhCC
_dBD-JhCC
041 _aben
082 _a954.92051092
_bCHO 2018
100 _aচৌধুরী, মেজর জেনারেল মইনুল হোসেন
245 _aএক জেনারেলের নীরব সাক্ষ্য :
_bস্বাধীনতার প্রথম দশক /
_cমেজর জেনারেল মইনুল হোসেন চৌধুরী
260 _aঢাকা :
_bমাওলা ব্রাদার্স,
_c২০১৮.
300 _a১৭৫ পৃ. :
_c২১ সেমি.
650 _aPersonal narratives
_vHistory
_xRevolution
_y1971
_zBangladesh
942 _2ddc
_cBK